[Event "RSA-ch (Women)"]
[Site "Cape Town"]
[Date "2024.04.02"]
[Round "11"]
[White "Klaasen, Robyn Julian"]
[Black "Grobbelaar, Jacqui"]
[Result "1/2-1/2"]
[WhiteElo "1746"]
[BlackElo "1726"]
[PlyCount "46"]
[EventDate "2024.03.25"]
[EventType "tourn"]
[EventRounds "11"]
[EventCountry "RSA"]
[SourceTitle "CB14_2024"]
[SourceDate "2024.04.01"]
[SourceVersion "1"]
[SourceVersionDate "2024.04.01"]
[SourceQuality "1"]

1. d4 d5 2. c4 c6 3. Nf3 Nf6 4. Qc2 g6 5. Nbd2 Bf5 6. Qb3 Qc7 7. e3 Nbd7 8. Be2 Bg7 9. 0-0 0-0 10. Re1 Ne4 11. cxd5 cxd5 12. Qxd5 Nb6 13. Qb3 Rac8 14. Nxe4 Bxe4 15. Bd2 Qc2 16. Qxc2 Rxc2 17. Bc3 Na4 18. Bd1 Rxc3 19. bxc3 Nxc3 20. Bb3 b5 21. a4 b4 22. Rac1 a5 23. h3 e6 1/2-1/2

[Event "RSA-ch (Women)"]
[Site "Cape Town"]
[Date "2024.04.01"]
[Round "10"]
[White "Grobbelaar, Jacqui"]
[Black "Rautenbach, Helen Christine"]
[Result "1-0"]
[WhiteElo "1726"]
[BlackElo "1586"]
[PlyCount "151"]
[EventDate "2024.03.25"]
[EventType "tourn"]
[EventRounds "11"]
[EventCountry "RSA"]
[SourceTitle "CB14_2024"]
[SourceDate "2024.04.01"]
[SourceVersion "1"]
[SourceVersionDate "2024.04.01"]
[SourceQuality "1"]

1. e4 d5 2. exd5 Nf6 3. c4 g6 4. Nc3 Bg7 5. d4 0-0 6. Be2 Bf5 7. Nf3 Nbd7 8. Nh4 Nb6 9. Nxf5 gxf5 10. Qc2 Qd7 11. 0-0 e6 12. dxe6 fxe6 13. Rd1 c6 14. a4 Rad8 15. a5 Nc8 16. Bg5 Ne7 17. Bf3 Rc8 18. d5 cxd5 19. Bxf6 Bxf6 20. cxd5 Bxc3 21. dxe6 Qxe6 22. bxc3 Rc7 23. h3 Qf6 24. Qb3+ Kh8 25. Rac1 Nc6 26. Bxc6 Qxc6 27. Qb4 Rg8 28. f3 h6 29. Rd6 Qc5+ 30. Qxc5 Rxc5 31. Rb1 Rb8 32. a6 b6 33. Rxh6+ Kg7 34. Rd6 Ra8 35. Rb3 Ra5 36. c4 Rxa6 37. Rb5 Rf8 38. Kh2 Ra4 39. c5 bxc5 40. Rxc5 Rf7 41. g4 fxg4 42. fxg4 Ra3 43. Rg5+ Kf8 44. Rd8+ Ke7 45. Rd2 Rh7 46. Re5+ Kf6 47. Rf5+ Ke6 48. Re2+ Kd7 49. Rd5+ Kc6 50. Rh5 Rxh5 51. gxh5 Ra5 52. Re7 a6 53. h6 Rh5 54. h7 a5 55. Kg3 a4 56. Kg4 Rh6 57. h4 a3 58. Ra7 Kb6 59. Rxa3 Rxh7 60. Rc3 Rg7+ 61. Kh5 Rg8 62. Kh6 Kb7 63. h5 Kb6 64. Kh7 Rg5 65. h6 Kb7 66. Kh8 Rg6 67. h7 Rg5 68. Rf3 Kc7 69. Rf8 Rg1 70. Rg8 Rh1 71. Kg7 Rg1+ 72. Kf6 Rf1+ 73. Kg5 Rg1+ 74. Kf4 Rf1+ 75. Kg3 Rh1 76. h8Q 1-0

[Event "RSA-ch (Women)"]
[Site "Cape Town"]
[Date "2024.03.30"]
[Round "7"]
[White "Strong, Davida"]
[Black "Grobbelaar, Jacqui"]
[Result "1-0"]
[WhiteElo "1672"]
[BlackElo "1726"]
[PlyCount "87"]
[EventDate "2024.03.25"]
[EventType "tourn"]
[EventRounds "11"]
[EventCountry "RSA"]
[SourceTitle "CB14_2024"]
[SourceDate "2024.04.01"]
[SourceVersion "1"]
[SourceVersionDate "2024.04.01"]
[SourceQuality "1"]

1. d4 d5 2. c4 c6 3. e3 Nf6 4. Nc3 Qc7 5. Nf3 Bg4 6. h3 Bxf3 7. Qxf3 e6 8. Bd2 Nbd7 9. Rc1 Rc8 10. cxd5 exd5 11. Bd3 Bd6 12. 0-0 0-0 13. a3 Rfe8 14. Rc2 Nb6 15. Re1 Nc4 16. Bxc4 dxc4 17. e4 c5 18. e5 Bf8 19. exf6 Rxe1+ 20. Bxe1 cxd4 21. Nd5 Qd8 22. Bb4 d3 23. Rd2 Rc6 24. Bc3 Qe8 25. fxg7 Bxg7 26. Rd1 Bxc3 27. Nxc3 Re6 28. Kh2 Rg6 29. Qf4 Qc6 30. f3 Qc5 31. Ne4 Qb6 32. Qe5 f6 33. Qc3 Qc7+ 34. Kh1 f5 35. Nd2 b5 36. Nf1 Qf4 37. b3 Qg5 38. Rd2 Qh4 39. bxc4 bxc4 40. Qe5 Rb6 41. Rd1 Rg6 42. Kg1 Qxh3 43. Qe8+ Kg7 44. Qxg6+ 1-0

[Event "South African op"]
[Site "Cape Town"]
[Date "2022.07.13"]
[Round "7"]
[White "Frick, Jacques"]
[Black "Grobbelaar, Jacqui"]
[Result "1-0"]
[WhiteElo "1720"]
[BlackElo "1517"]
[PlyCount "42"]
[EventDate "2022.07.09"]
[EventType "swiss"]
[EventRounds "11"]
[EventCountry "RSA"]
[SourceTitle "CBM 209 Extra"]
[Source "ChessBase"]
[SourceDate "2022.09.30"]
[SourceVersion "1"]
[SourceVersionDate "2022.09.30"]
[SourceQuality "1"]

1. Nf3 Nf6 2. d3 d5 3. Nbd2 c5 4. e4 dxe4 5. dxe4 Bg4 6. Be2 Nc6 7. c3 Qc7 8. Qa4 0-0-0 9. e5 Nxe5 10. Nxe5 Qxe5 11. f3 Bf5 12. Nc4 Qb8 13. Bf4 b5 14. Bxb8 bxa4 15. Bxa7 e6 16. Bb6 Rd5 17. Ne3 Re5 18. Ba6+ Kb8 19. 0-0-0 Be7 20. Rhe1 Nd5 21. Nxd5 Rxd5 1-0

[Event "South African op"]
[Site "Cape Town"]
[Date "2022.07.09"]
[Round "1"]
[White "Lewis, Mark MM"]
[Black "Grobbelaar, Jacqui"]
[Result "1-0"]
[WhiteElo "1874"]
[BlackElo "1517"]
[PlyCount "35"]
[EventDate "2022.07.09"]
[EventType "swiss"]
[EventRounds "11"]
[EventCountry "RSA"]
[SourceTitle "CBM 209 Extra"]
[Source "ChessBase"]
[SourceDate "2022.09.30"]
[SourceVersion "1"]
[SourceVersionDate "2022.09.30"]
[SourceQuality "1"]

1. d4 d5 2. c4 c6 3. Nc3 Nf6 4. Nf3 Nbd7 5. cxd5 cxd5 6. e3 e6 7. Bd3 a6 8. 0-0 Bd6 9. e4 dxe4 10. Nxe4 Nxe4 11. Bxe4 Qc7 12. Qe2 Nf6 13. Bc2 b6 14. Bg5 Bb7 15. Rac1 Qb8 16. Ne5 Nd7 17. f4 f6 18. Qh5+ 1-0

[Event "Kimberley Moja op"]
[Site "Kimberley"]
[Date "2022.03.20"]
[Round "4"]
[White "Grobbelaar, Jacqui"]
[Black "Bhila, Lindokuhle Adorabel"]
[Result "0-1"]
[WhiteElo "1522"]
[BlackElo "1281"]
[PlyCount "148"]
[EventDate "2022.03.19"]
[EventType "swiss"]
[EventRounds "7"]
[EventCountry "RSA"]
[SourceTitle "EXT 2023"]
[Source "ChessBase"]
[SourceDate "2022.10.05"]
[SourceVersion "1"]
[SourceVersionDate "2022.10.05"]
[SourceQuality "1"]

1. e4 c5 2. Nc3 Nc6 3. Bc4 g6 4. d3 Bg7 5. Bg5 Nf6 6. f4 d6 7. h3 Qb6 8. Bxf6 Bxf6 9. Nd5 Qa5+ 10. Qd2 Bh4+ 11. Kd1 Qxd2+ 12. Kxd2 0-0 13. Ne2 e6 14. Nc7 Rb8 15. Nb5 Rd8 16. Nbc3 a6 17. a4 Bf6 18. g4 Na5 19. Ba2 Bd7 20. h4 Bg7 21. Raf1 b5 22. axb5 axb5 23. f5 c4 24. f6 Bf8 25. h5 Bh6+ 26. Ke1 g5 27. Nd4 Rdc8 28. Rh2 Rc5 29. Nd1 d5 30. b4 cxb3 31. Nxb3 Nxb3 32. Bxb3 dxe4 33. dxe4 Re5 34. Re2 Bc6 35. Rf3 Rxe4 36. Rxe4 Bxe4 37. Re3 Bc6 38. Re5 Rd8 39. Ne3 Rd4 40. Ke2 Rf4 41. Bxe6 fxe6 42. Rxe6 Bf3+ 43. Kd2 Kf7 44. Re7+ Kg8 45. Nf5 Bf8 46. f7+ Kh8 47. Re8 Rxf5 48. gxf5 Kg7 49. Rb8 b4 50. h6+ Kxf7 51. Ke3 g4 52. Kd4 g3 53. Ke3 g2 54. Kxf3 g1Q 55. Rb7+ Kf6 56. Rxh7 Qd1+ 57. Kg3 Bd6+ 58. Kf2 Qxc2+ 59. Ke3 Qxf5 60. Rh8 Kg6 61. Rg8+ Kxh6 62. Rg2 Qf4+ 63. Ke2 b3 64. Rg1 Qh2+ 65. Kf1 b2 66. Rg2 b1Q+ 67. Kf2 Qc2+ 68. Ke3 Qcxg2 69. Kd4 Qe5+ 70. Kd3 Qgd5+ 71. Kc2 Qe2+ 72. Kc3 Qec4+ 73. Kb2 Qd2+ 74. Kb1 Qca2# 0-1

[Event "RSA-ch (Women)"]
[Site "Cape Town"]
[Date "2019.12.16"]
[Round "10"]
[White "February, Jesse Nikki"]
[Black "Grobbelaar, Jacqui"]
[Result "1-0"]
[WhiteElo "1897"]
[BlackElo "1527"]
[PlyCount "55"]
[EventDate "2019.12.07"]
[EventType "tourn"]
[EventRounds "11"]
[EventCountry "RSA"]
[SourceTitle "CBM 193 Extra"]
[Source "ChessBase"]
[SourceDate "2020.01.31"]
[SourceVersion "1"]
[SourceVersionDate "2020.01.31"]
[SourceQuality "1"]

1. e4 e5 2. Nf3 Nc6 3. Bc4 Nf6 4. d3 Bc5 5. 0-0 h6 6. c3 0-0 7. d4 exd4 8. cxd4 Bb6 9. d5 Na5 10. Bd3 c5 11. Nc3 d6 12. h3 Re8 13. Bf4 Bd7 14. Qd2 c4 15. Bc2 Qc8 16. Bxd6 Bxh3 17. gxh3 Qxh3 18. Qf4 Rad8 19. Qg3 Qh5 20. e5 Ng4 21. Kg2 f5 22. exf6 Re3 23. Rh1 Rxf3 24. Rxh5 Rxg3+ 25. Bxg3 Nxf6 26. Rf5 Ng4 27. Re1 g6 28. Rf4 1-0

[Event "Johannesburg Sandton op"]
[Site "Johannesburg"]
[Date "2018.05.20"]
[Round "8"]
[White "Grobbelaar, Jacqui"]
[Black "Waters, Anre"]
[Result "0-1"]
[WhiteElo "1639"]
[BlackElo "1617"]
[PlyCount "74"]
[EventDate "2018.05.19"]
[EventType "swiss"]
[EventRounds "10"]
[EventCountry "RSA"]
[SourceTitle "CBM 184 Extra"]
[Source "ChessBase"]
[SourceDate "2018.06.28"]
[SourceVersion "1"]
[SourceVersionDate "2018.06.28"]
[SourceQuality "1"]

1. e4 c6 2. d4 d5 3. e5 Bf5 4. g4 Bg6 5. Ne2 e6 6. Ng3 c5 7. c3 Nc6 8. Be3 Qb6 9. Qd2 cxd4 10. cxd4 Bb4 11. Nc3 Bxc3 12. bxc3 Rc8 13. f4 Nge7 14. Bg2 Na5 15. f5 Nc4 16. Qd3 exf5 17. gxf5 Nxe3 18. Qxe3 Bxf5 19. 0-0 Bg6 20. Bh3 Rc6 21. e6 f6 22. Rae1 0-0 23. Nf5 Bxf5 24. Bxf5 Qc7 25. Bd3 Rxc3 26. Rf3 g6 27. Qh6 Nf5 28. Bxf5 gxf5 29. e7 Re8 30. Rxc3 Qxc3 31. Qxf6 Qxe1+ 32. Kg2 Rxe7 33. Qxf5 Rg7+ 34. Kh3 Qe3+ 35. Kh4 Qh6+ 36. Qh5 Qxh5+ 37. Kxh5 Rg2 0-1

[Event "Johannesburg Sandton op"]
[Site "Johannesburg"]
[Date "2018.05.19"]
[Round "7"]
[White "Lesole, Pudungwane"]
[Black "Grobbelaar, Jacqui"]
[Result "1-0"]
[WhiteElo "1893"]
[BlackElo "1639"]
[PlyCount "99"]
[EventDate "2018.05.19"]
[EventType "swiss"]
[EventRounds "10"]
[EventCountry "RSA"]
[SourceTitle "CBM 184 Extra"]
[Source "ChessBase"]
[SourceDate "2018.06.28"]
[SourceVersion "1"]
[SourceVersionDate "2018.06.28"]
[SourceQuality "1"]

1. d4 d5 2. c4 Nf6 3. cxd5 Qxd5 4. Nc3 Qd8 5. Nf3 c6 6. Ne5 Nbd7 7. Nd3 e6 8. g3 Qb6 9. e3 c5 10. dxc5 Qc6 11. f3 Nxc5 12. Bg2 Nxd3+ 13. Qxd3 b6 14. Qb5 Bd7 15. Qxc6 Bxc6 16. e4 Bc5 17. Ke2 b5 18. Be3 Bd6 19. Rhd1 Ke7 20. Rd2 b4 21. Nd1 Bb5+ 22. Ke1 h5 23. Bg5 Rac8 24. Bf1 Bxf1 25. Kxf1 Rc7 26. f4 Kd7 27. Bxf6 gxf6 28. e5 fxe5 29. fxe5 Rc6 30. Ne3 f6 31. exd6 Rxd6 32. Rad1 Rxd2 33. Rxd2+ Ke7 34. Rd4 Rb8 35. Nc4 e5 36. Rh4 Rc8 37. b3 Rh8 38. g4 f5 39. gxf5 Kf6 40. Ne3 a5 41. Rc4 Rd8 42. Ke2 Rd4 43. Rxd4 exd4 44. Nc2 Kxf5 45. Nxd4+ Kg4 46. Kf2 Kh3 47. Kg1 Kg4 48. Nc6 Kf4 49. Nxa5 Ke3 50. Nc6 1-0

[Event "RSA-ch (Women)"]
[Site "Durbanville"]
[Date "2017.12.12"]
[Round "4"]
[White "Grobbelaar, Jacqui"]
[Black "Joubert, Dantelle"]
[Result "0-1"]
[WhiteElo "1566"]
[BlackElo "1634"]
[PlyCount "112"]
[EventDate "2017.12.09"]
[EventType "tourn"]
[EventRounds "11"]
[EventCountry "RSA"]
[SourceTitle "CBM 182 Extra"]
[Source "ChessBase"]
[SourceDate "2018.02.23"]
[SourceVersion "1"]
[SourceVersionDate "2018.02.23"]
[SourceQuality "1"]

1. e4 e5 2. Nc3 Nc6 3. f4 exf4 4. Nf3 g5 5. h4 g4 6. Ng5 h6 7. Nxf7 Kxf7 8. Qxg4 Nf6 9. Qxf4 Qe7 10. Bc4+ Ke8 11. Rf1 Bg7 12. Qxc7 Nxe4 13. Bf7+ Kf8 14. Nd5 Nf6+ 15. Kd1 Qxf7 16. Qd6+ Kg8 17. Nxf6+ Bxf6 18. Rxf6 Qh5+ 19. Rf3 Kh7 20. Qd3+ Kg7 21. b3 d5 22. Bb2+ d4 23. Bxd4+ Nxd4 24. Qxd4+ Kh7 25. Qe4+ Kg7 26. Qe7+ Kg8 27. Qd8+ Kh7 28. Qd3+ Kg7 29. Kc1 Re8 30. Rg3+ Kh8 31. Rg6 Rg8 32. Rxg8+ Kxg8 33. Qd8+ Kg7 34. c3 Qe2 35. Kb2 Be6 36. Qc7+ Kg8 37. Qg3+ Kh7 38. Qc7+ Kg8 39. Qxb7 Qxd2+ 40. Ka3 Qd6+ 41. b4 Bd5 42. Qb5 a6 43. Qe2 a5 44. Qg4+ Kh7 45. Kb2 axb4 46. Qf5+ Kg7 47. Qg4+ Kh7 48. Qf5+ Kh8 49. Qd3 bxc3+ 50. Qxc3+ Kg8 51. a4 Rb8+ 52. Kc1 Qf4+ 53. Kc2 Qf5+ 54. Kd1 Bb3+ 55. Ke2 Re8+ 56. Kd2 Qf2+ 0-1

[Event "Boksburg Inter Region-ch"]
[Site "Boksburg"]
[Date "2016.12.21"]
[Round "3.2"]
[White "Mpya, Tshediso M"]
[Black "Grobbelaar, Jacqui"]
[Result "1-0"]
[WhiteElo "1816"]
[BlackElo "1606"]
[PlyCount "39"]
[EventDate "2016.12.20"]
[EventType "team-swiss"]
[EventRounds "7"]
[EventCountry "RSA"]
[SourceTitle "CBM 176 Extra"]
[Source "ChessBase"]
[SourceDate "2017.03.02"]
[SourceVersion "1"]
[SourceVersionDate "2017.03.02"]
[SourceQuality "1"]
[WhiteTeam "White Team"]
[BlackTeam "Queens"]
[WhiteTeamCountry "RSA"]
[BlackTeamCountry "RSA"]

1. d4 d5 2. Nf3 Nf6 3. Bf4 e6 4. e3 Nbd7 5. Be2 Bd6 6. Ne5 0-0 7. Nd2 Bxe5 8. dxe5 Ne8 9. Bd3 c5 10. Nf3 h6 11. c3 c4 12. Bc2 Qb6 13. Qd2 f5 14. Nd4 g5 15. Bg3 Ng7 16. h4 g4 17. Bf4 Kh7 18. f3 gxf3 19. gxf3 Nc5 20. Rg1 1-0

[Event "Boksburg Inter Region-ch"]
[Site "Boksburg"]
[Date "2016.12.20"]
[Round "1.2"]
[White "Klaasen, Calvin Jong"]
[Black "Grobbelaar, Jacqui"]
[Result "1/2-1/2"]
[WhiteElo "2160"]
[BlackElo "1606"]
[PlyCount "54"]
[EventDate "2016.12.20"]
[EventType "team-swiss"]
[EventRounds "7"]
[EventCountry "RSA"]
[SourceTitle "CBM 176 Extra"]
[Source "ChessBase"]
[SourceDate "2017.03.02"]
[SourceVersion "1"]
[SourceVersionDate "2017.03.02"]
[SourceQuality "1"]
[WhiteTeam "Chess WP"]
[BlackTeam "Queens"]
[WhiteTeamCountry "RSA"]
[BlackTeamCountry "RSA"]

1. d4 d5 2. c4 Nf6 3. Nf3 e6 4. g3 c6 5. Qc2 Nbd7 6. Bg2 Qc7 7. 0-0 dxc4 8. Qxc4 Bd6 9. Nbd2 b5 10. Qc2 Bb7 11. Ng5 c5 12. Nde4 Nxe4 13. Nxe4 Bxe4 14. Bxe4 Rc8 15. d5 exd5 16. Bxd5 Nf6 17. Bg2 h6 18. a4 b4 19. Qf5 0-0 20. Bxh6 Be5 21. Bf4 Bxf4 22. gxf4 c4 23. e3 Rfd8 24. Rfd1 Rxd1+ 25. Rxd1 c3 26. bxc3 bxc3 27. Qc2 Qb6 1/2-1/2

[Event "Johannesburg Redpath op"]
[Site "Johannesburg"]
[Date "2016.07.17"]
[Round "9"]
[White "Avelino, Fernandes"]
[Black "Grobbelaar, Jacqui"]
[Result "1-0"]
[WhiteElo "2013"]
[BlackElo "1550"]
[PlyCount "137"]
[EventDate "2016.07.13"]
[EventType "swiss"]
[EventRounds "9"]
[EventCountry "RSA"]
[SourceTitle "CBM 173 Extra"]
[Source "ChessBase"]
[SourceDate "2016.08.29"]
[SourceVersion "1"]
[SourceVersionDate "2016.08.29"]
[SourceQuality "1"]

1. d4 d5 2. c4 c6 3. Nc3 Nf6 4. h4 h6 5. Qb3 e6 6. Nf3 Nbd7 7. Bf4 Qa5 8. 0-0-0 Bb4 9. Nd2 b5 10. c5 Ng4 11. Bg3 e5 12. a3 Bxc3 13. Qxc3 Qxc3+ 14. bxc3 f5 15. f3 Ne3 16. Re1 f4 17. Bf2 0-0 18. g3 exd4 19. cxd4 Nc4 20. a4 Nxd2 21. Kxd2 b4 22. a5 Ba6 23. Rb1 Rab8 24. e4 fxe3+ 25. Bxe3 Bxf1 26. Rhxf1 Rb5 27. Bf4 Rxa5 28. Rxb4 Ra2+ 29. Kc3 g5 30. hxg5 hxg5 31. Bxg5 Ra3+ 32. Rb3 Rxb3+ 33. Kxb3 Rb8+ 34. Kc3 a5 35. Bf4 Rb7 36. Ra1 Ra7 37. Ra4 Kf7 38. Bd2 Nf6 39. g4 Ke6 40. Kd3 Rh7 41. Rxa5 Rh3 42. Ke2 Rh2+ 43. Ke3 Rh3 44. Kf4 Rh2 45. Be3 Re2 46. Ra7 Nd7 47. Rc7 Nf8 48. Rxc6+ Kf7 49. Bc1 Ne6+ 50. Rxe6 Rxe6 51. Kg3 Re1 52. Bf4 Rd1 53. Be5 Rc1 54. f4 Kg6 55. f5+ Kf7 56. g5 Rf1 57. g6+ Kg8 58. Kg4 Rg1+ 59. Kf4 Ra1 60. c6 Ra8 61. f6 Rc8 62. f7+ Kf8 63. Bd6+ Kg7 64. f8Q+ Rxf8+ 65. Bxf8+ Kxf8 66. c7 Kg7 67. Kf5 Kh6 68. c8Q Kg7 69. Qd7+ 1-0

[Event "Johannesburg Redpath op"]
[Site "Johannesburg"]
[Date "2016.07.14"]
[Round "3"]
[White "Beukman, Eduan"]
[Black "Grobbelaar, Jacqui"]
[Result "0-1"]
[WhiteElo "1485"]
[BlackElo "1550"]
[PlyCount "69"]
[EventDate "2016.07.13"]
[EventType "swiss"]
[EventRounds "9"]
[EventCountry "RSA"]
[SourceTitle "CBM 173 Extra"]
[Source "ChessBase"]
[SourceDate "2016.08.29"]
[SourceVersion "1"]
[SourceVersionDate "2016.08.29"]
[SourceQuality "1"]

1. d4 d5 2. Nc3 Nf6 3. Bg5 Nbd7 4. f3 h6 5. Bf4 c6 6. Qd3 Qb6 7. 0-0-0 e6 8. e4 dxe4 9. fxe4 Bb4 10. Nge2 0-0 11. h3 c5 12. e5 cxd4 13. Na4 Qa5 14. exf6 Qxa4 15. Qxd4 e5 16. Bxe5 Nxe5 17. Qxe5 Qxa2 18. Nc3 Bxc3 19. Qxc3 Bf5 20. Bc4 Qa1+ 21. Kd2 Rfd8+ 22. Ke2 Rxd1 23. Rxd1 Re8+ 24. Kd2 Rd8+ 25. Bd3 Qa6 26. fxg7 Qg6 27. Kc1 Bxd3 28. Rxd3 Rxd3 29. cxd3 Qxg2 30. Qc8+ Kxg7 31. Qc3+ Kg6 32. Qc8 Qc6+ 33. Qxc6+ bxc6 34. Kc2 f5 35. b4 0-1

[Event "Johannesburg Redpath op"]
[Site "Johannesburg"]
[Date "2016.07.13"]
[Round "1"]
[White "Mwale, Joseph"]
[Black "Grobbelaar, Jacqui"]
[Result "1-0"]
[WhiteElo "2076"]
[BlackElo "1550"]
[PlyCount "29"]
[EventDate "2016.07.13"]
[EventType "swiss"]
[EventRounds "9"]
[EventCountry "RSA"]
[SourceTitle "CBM 173 Extra"]
[Source "ChessBase"]
[SourceDate "2016.08.29"]
[SourceVersion "1"]
[SourceVersionDate "2016.08.29"]
[SourceQuality "1"]

1. e4 e5 2. Nc3 Nf6 3. Bc4 Nc6 4. f4 Bc5 5. Nf3 d6 6. f5 Ng4 7. d4 exd4 8. Nxd4 Nxd4 9. Qxg4 Nxc2+ 10. Kd1 Ne3+ 11. Bxe3 Bxe3 12. Qxg7 Rf8 13. Nd5 Bg5 14. h4 Be7 15. f6 1-0

[Event "RSA-chT Regions"]
[Site "Cape Town"]
[Date "2016.01.09"]
[Round "4.1"]
[White "Grobbelaar, Jacqui"]
[Black "Makhubela, Linda"]
[Result "0-1"]
[WhiteElo "1542"]
[BlackElo "1586"]
[PlyCount "38"]
[EventDate "2016.01.08"]
[EventType "team-swiss"]
[EventRounds "7"]
[EventCountry "RSA"]
[SourceTitle "CBM 170 Extra"]
[Source "ChessBase"]
[SourceDate "2016.02.25"]
[SourceVersion "1"]
[SourceVersionDate "2016.02.25"]
[SourceQuality "1"]
[WhiteTeam "Tshwane Daisies"]
[BlackTeam "Johannesburg Metro II"]
[WhiteTeamCountry "RSA"]
[BlackTeamCountry "RSA"]

1. e4 c5 2. Nc3 d6 3. f4 g6 4. Bc4 Bg7 5. Nf3 Nc6 6. d3 e6 7. 0-0 Nge7 8. Qe2 0-0 9. Ng5 h6 10. Nh3 Nd4 11. Qf2 d5 12. exd5 exd5 13. Bb3 Bxh3 14. gxh3 b5 15. Be3 Nxb3 16. axb3 d4 17. Nxb5 dxe3 18. Qxe3 a6 19. Nc3 Bd4 0-1

[Event "Johannesburg Africa op (Women)"]
[Site "Johannesburg"]
[Date "2015.08.10"]
[Round "7"]
[White "Grobbelaar, Jacqui"]
[Black "Chizikani, Termaine"]
[Result "1-0"]
[WhiteElo "1541"]
[BlackElo "1657"]
[PlyCount "53"]
[EventDate "2015.08.07"]
[EventType "swiss"]
[EventRounds "7"]
[EventCountry "RSA"]
[SourceTitle "EXT 2016"]
[Source "ChessBase"]
[SourceDate "2015.10.08"]
[SourceVersion "1"]
[SourceVersionDate "2015.10.08"]
[SourceQuality "1"]

1. e4 e5 2. f4 exf4 3. Nf3 Be7 4. h4 d6 5. d4 Bg4 6. Bxf4 Bxh4+ 7. g3 Bf6 8. c3 Qe7 9. Nbd2 g5 10. Qb3 Bxf3 11. Nxf3 Qxe4+ 12. Kf2 gxf4 13. Re1 fxg3+ 14. Kg2 Qxe1 15. Nxe1 b6 16. Qd5 c6 17. Qxd6 Be7 18. Qxg3 Nf6 19. Qf3 Rg8+ 20. Kf2 Nd5 21. Rxh7 f6 22. c4 Na6 23. cxd5 0-0-0 24. Bxa6+ Kd7 25. dxc6+ Ke8 26. Qh5+ Kf8 27. Qf7# 1-0

[Event "Johannesburg Africa op (Women)"]
[Site "Johannesburg"]
[Date "2015.08.10"]
[Round "6"]
[White "Surujhlal, Kayla"]
[Black "Grobbelaar, Jacqui"]
[Result "0-1"]
[WhiteElo "1165"]
[BlackElo "1541"]
[PlyCount "108"]
[EventDate "2015.08.07"]
[EventType "swiss"]
[EventRounds "7"]
[EventCountry "RSA"]
[SourceTitle "EXT 2016"]
[Source "ChessBase"]
[SourceDate "2015.10.08"]
[SourceVersion "1"]
[SourceVersionDate "2015.10.08"]
[SourceQuality "1"]

1. e4 e5 2. Nf3 Nf6 3. Nc3 Nc6 4. d4 exd4 5. Nxd4 Bb4 6. Nxc6 Bxc3+ 7. bxc3 bxc6 8. Bd3 h6 9. 0-0 0-0 10. Bd2 Re8 11. f3 Qe7 12. Kh1 d6 13. Qe1 a5 14. Qf2 Ba6 15. Rfe1 c5 16. Qf1 Bb7 17. g4 Nd7 18. Bb5 c6 19. Bd3 Qh4 20. Qg2 Ne5 21. h3 c4 22. Bf1 d5 23. f4 Ng6 24. e5 Rab8 25. Kg1 c5 26. Rab1 Ba8 27. Qh2 Rxb1 28. Rxb1 f6 29. Be1 Nxe5 30. fxe5 Qg5 31. Bd2 Qg6 32. Bf4 h5 33. exf6 hxg4 34. hxg4 Qxf6 35. Qg3 Qg6 36. Rb2 a4 37. a3 Kf7 38. Bd6 Re4 39. Qf3+ Ke6 40. Bf4 Ke7 41. Qg3 d4 42. Bxc4 dxc3 43. Qxc3 Qxg4+ 44. Bg3 Rxc4 45. Qe5+ Kf7 46. Qc7+ Kg6 47. Rb6+ Kh7 48. Qd6 Rc3 49. Qd2 Qxg3+ 50. Kf1 Qh3+ 51. Ke1 Qh1+ 52. Ke2 Qf3+ 53. Ke1 Re3+ 54. Qe2 Qxe2# 0-1

[Event "Johannesburg Africa op (Women)"]
[Site "Johannesburg"]
[Date "2015.08.09"]
[Round "4"]
[White "Marais, Nina"]
[Black "Grobbelaar, Jacqui"]
[Result "1-0"]
[WhiteElo "1330"]
[BlackElo "1541"]
[PlyCount "126"]
[EventDate "2015.08.07"]
[EventType "swiss"]
[EventRounds "7"]
[EventCountry "RSA"]
[SourceTitle "EXT 2016"]
[Source "ChessBase"]
[SourceDate "2015.10.08"]
[SourceVersion "1"]
[SourceVersionDate "2015.10.08"]
[SourceQuality "1"]

1. d4 d5 2. c4 Nf6 3. cxd5 Qxd5 4. Nc3 Qd8 5. e4 e6 6. Nf3 c6 7. Be3 Bb4 8. Qc2 Nbd7 9. Bd3 Qa5 10. Bd2 c5 11. 0-0 0-0 12. a3 Bxc3 13. Bxc3 Qb6 14. Rac1 a5 15. e5 Nd5 16. Bxh7+ Kh8 17. Be4 Nxc3 18. Qxc3 cxd4 19. Nxd4 f5 20. exf6 Nxf6 21. Rfe1 e5 22. Nf3 Bg4 23. h3 Rac8 24. Qxe5 Rxc1 25. Rxc1 Re8 26. Qc7 Qxb2 27. hxg4 Nxe4 28. Qc2 Qxa3 29. Re1 Qb4 30. Nd2 Rd8 31. Rxe4 Qxd2 32. Re8+ Rxe8 33. Qxd2 b6 34. Qb2 Re6 35. f3 Kg8 36. Kf2 Kf7 37. Qb5 g6 38. Qd7+ Re7 39. Qd5+ Re6 40. f4 Ke7 41. Qb7+ Kd8 42. Qd5+ Ke7 43. f5 Rf6 44. Qe5+ Kf7 45. Ke3 a4 46. Qd5+ Ke7 47. Qe4+ Kd6 48. Qxa4 gxf5 49. Qd4+ Ke7 50. gxf5 Rxf5 51. Qxb6 Re5+ 52. Kf4 Re6 53. Qc7+ Kf6 54. g4 Kg6 55. Qc2+ Kg7 56. Kf5 Rf6+ 57. Kg5 Re6 58. Qc7+ Kf8 59. Qd8+ Kf7 60. Qd7+ Re7 61. Qxe7+ Kxe7 62. Kg6 Ke6 63. g5 Kd5 1-0

[Event "Pretoria Waterkloof op"]
[Site "Pretoria"]
[Date "2015.03.08"]
[Round "5"]
[White "Louw, Gideon N"]
[Black "Grobbelaar, Jacqui"]
[Result "0-1"]
[WhiteElo "1680"]
[BlackElo "1509"]
[PlyCount "35"]
[EventDate "2015.03.05"]
[EventType "swiss"]
[EventRounds "6"]
[EventCountry "RSA"]
[SourceTitle "CBM 165 Extra"]
[Source "ChessBase"]
[SourceDate "2015.04.21"]
[SourceVersion "1"]
[SourceVersionDate "2015.04.21"]
[SourceQuality "1"]

1. c4 e5 2. e3 Nc6 3. a3 a5 4. Nc3 Nf6 5. b3 d5 6. cxd5 Nxd5 7. Qc2 Nxc3 8. dxc3 Bd6 9. Bb2 Qf6 10. Nf3 Bg4 11. Be2 0-0 12. c4 Bf5 13. e4 Bg6 14. 0-0 Nd4 15. Nxd4 exd4 16. c5 Be5 17. g3 Rad8 18. Qd3 0-1